00513nam a2200193Ia 4500008004100000041001200041082001200053100004300065245003700108260003000145300000800175365000800183520001400191546001200205630003700217650001400254655001400268730003700282101110s9999 xx 000 0 und d aMARATHI bSR33115 aGikhale S.V., Pathak Neeta, Bhide D.S. aVyavsaik arthashatra - II SYBCOM c0bVipul prakashan,Mumbai a290 b110 aEconomics aMARATHI aVyavsaik arthashatra - II SYBCOM aEconomics aEconomics aVyavsaik arthashatra - II SYBCOM